01714nam a2200373 i 4500003000900000005001700009007000300026008004100029040003000070082002700100100003700127245009600164264012400260300003300384336002800417337003300445338002800478490003200506504002700538590002700565650002100592650005100613650002900664650002700693650003100720650003100751700004800782910004700830942001400877952014000891952014601031952014601177999001701323DO-SdBNP20260321073645.0ta091019s2009 mx r 000 0 spa d aDO-SdBNPbspacBNPHUerda 4a808.3bB742a, 20092221 a Bosch, Juan, d1909-200197655510aApuntes sobre el arte de escribir cuentos /cJuan Bosch ; presentación Sealtiel Alatriste aMéxico, D. F. :bUniversidad Nacional Autónoma de México. Dirección General de Publicaciones y Fomento, c2009. a53, [3] páginas ;c15 cm. 2rdacontent atextobtxt 2rdamediaasin mediaciónbn ardacarrierbvolumen0nc aPequeños grandes ensayos  aBibliografía : p. 56 aInventariado, 2022/ YL 4982713xTécnica 4aCreación literaria, artística, etc.927175 4aArte de escribir 912162 4aEstilo literario95690 0aLiteratura dominicana.967 4aCuentos dominicanos9271761 aAlatriste, Sealtiel,epresentación964613 aYLockward/Validado. Control de calidad MFF 2ddccLBS1 00102ddc51708PDaBNPHUbBNPHUcHDd2022-08-18eDepósito LegaloBNPHU PD 808.3 B742a 2009p2022-4865r2022-11-03w2022-11-03yLBS1 00102ddc51708PDaBNPHUbBNPHUcHDd2022-08-18eDepósito LegaloBNPHU PD 808.3 B742a 2009p2022-4866r2022-11-03te. 2w2022-11-03yLBS1 00102ddc56708DSaBNPHUbBNPHUcHDd2022-08-18eDepósito LegaloBNPHU DS 808.3 B742a 2009p2022-4867r2022-11-03te. 3w2022-11-03yLBS1 c52769d52769